| 000 | 00817 a2200253 4500 | ||
|---|---|---|---|
| 001 | 200130016 | ||
| 999 |
_c200130016 _d31129 |
||
| 003 | TR-AnTOB | ||
| 005 | 20230619090852.0 | ||
| 008 | 130715b tu 000 0 | ||
| 040 | _aTR-AnTOB | ||
| 041 | _atur | ||
| 050 |
_aHF5549.5.E43 _bI8 2013 |
||
| 090 | _aHF5549.5.E43.I8 2013 | ||
| 245 | 0 | 0 |
_aİşyerlerinde psikolojik taciz (Mobbing) bilgilendirme rehberi / _cÇalışma ve Sosyal Güvenlik Bakanlığı. |
| 264 | 1 |
_aAnkara: _bÇSGB, _c2013 |
|
| 300 |
_a27p.; _bill; _c13 cm |
||
| 650 | 0 |
_aBullying in the workplace _991517 |
|
| 650 | 0 | 7 |
_aYıldırma, İş yerinde _2etuturkob _991516 |
| 650 | 0 |
_aHarassment _991519 |
|
| 650 | 0 |
_aTaciz _991518 |
|
| 710 | 1 |
_aTürkiye. _bÇalışma ve Sosyal Güvenlik Bakanlığı. _bİş Teftiş Kurulu Başkanlığı _944333 |
|
| 999 | _tT.o 02.05.2013 | ||
| 942 | _cBK | ||